Co Jeździ Na Stacji Gdańsk Główny | PKP | #5 - Statystyki

Ogólne statystyki
  • Ten quiz został rozwiązany 13 razy
  • Średni wynik to 22 z 47
Statystyki odpowiedzi
Rodzaj Nazwa % Poprawnych
IC | Artus
73%
TLK | Biebrza
73%
EIC | Jantar
73%
IC | Wybrzeże
73%
TLK | Bory Tucholskie
64%
TLK | Flisak
64%
IC | Hutnik
64%
TLK | Lubomirski
64%
IC | Albatros
55%
IC | Baltic Express
55%
IC | Bałtyk
55%
IC | Gedania
55%
IC | Gryf
55%
IC | Heweliusz
55%
IC | Kociewie
55%
TLK | Korsarz
55%
TLK | Małopolska
55%
IC | Pomorzanin
55%
IC | Stańczyk
55%
IC | Witkacy
55%
TLK | Żeglarz
55%
IC | Bryza
45%
EIC | Fregata
45%
TLK | Katamaran
45%
IC | Lazur
45%
IC | Mieszko
45%
IC | Pobrzeże
45%
IC | Stoczniowiec
45%
TLK | Wydmy
45%
IC | Żuławy
45%
IC | Bachus
36%
TLK | Karpaty
36%
IC | Laguna
36%
IC | Lednica
36%
EIC | Morskie Oko
36%
EIC | Neptun
36%
IC | Posejdon
36%
IC | Ustronie
36%
IC | Doker
27%
IC | Słowiniec
27%
IC | Słupia
27%
IC | Zatoka
27%
IC | Zosia
27%
IC | Delfin
18%
EIC | Monciak
18%
EIC | Wysocki
18%
IC | Fantazja
9%
Nie znaleziono quizów pasujących do podanych kryteriów
Rozkład punktacji
Procent ludzi z każdym wynikiem
Percentyl według liczby udzielonych odpowiedzi
Twoja historia wyników
Nie rozwiązałeś tego quizu